| 000 -LEADER |
| fixed length control field |
00783nam a2200277Ia 4500 |
| 001 - CONTROL NUMBER |
| control field |
21507 |
| 003 - CONTROL NUMBER IDENTIFIER |
| control field |
GE_BSU |
| 005 - DATE AND TIME OF LATEST TRANSACTION |
| control field |
20211124170328.0 |
| 008 - FIXED-LENGTH DATA ELEMENTS--GENERAL INFORMATION |
| fixed length control field |
181216s2005||||ge |||||||||||||| ||geo|| |
| 020 ## - INTERNATIONAL STANDARD BOOK NUMBER |
| International Standard Book Number |
9781405820097 |
| 040 ## - CATALOGING SOURCE |
| Transcribing agency |
GE_BSU |
| 041 ## - LANGUAGE CODE |
| Language code of text/sound track or separate title |
geo |
| 080 ## - UNIVERSAL DECIMAL CLASSIFICATION NUMBER |
| Universal Decimal Classification number |
811.111(075.8) C-59 |
| 100 ## - MAIN ENTRY--PERSONAL NAME |
| Personal name |
Clare, Antonia |
| 9 (RLIN) |
1647 |
| 245 ## - TITLE STATEMENT |
| Title |
Total English : Pre-intermediate : |
| Remainder of title |
Workbook book / |
| Statement of responsibility, etc. |
Antonia Clare, JJ. Wilson. |
| 264 ## - PRODUCTION, PUBLICATION, DISTRIBUTION, MANUFACTURE, AND COPYRIGHT NOTICE |
| Place of production, publication, distribution, manufacture |
Edinburg : |
| Name of producer, publisher, distributor, manufacturer |
Pearson, |
| Date of production, publication, distribution, manufacture, or copyright notice |
2005. |
| 300 ## - PHYSICAL DESCRIPTION |
| Extent |
96 p. : |
| Other physical details |
ill. ; |
| Dimensions |
28 cm. |
| 653 ## - INDEX TERM--UNCONTROLLED |
| keyword |
Total English |
| 653 ## - INDEX TERM--UNCONTROLLED |
| keyword |
Pre-intermediate |
| 653 ## - INDEX TERM--UNCONTROLLED |
| keyword |
Workbook book |
| 653 ## - INDEX TERM--UNCONTROLLED |
| keyword |
Английский язык |
| 653 ## - INDEX TERM--UNCONTROLLED |
| keyword |
ინგლისური ენა |
| 700 ## - ADDED ENTRY--PERSONAL NAME |
| Personal name |
Wilson, JJ. |
| Relator term |
author |
| 9 (RLIN) |
1648 |
| 942 ## - ADDED ENTRY ELEMENTS (KOHA) |
| Koha item type |
წიგნი |
| Source of classification or shelving scheme |
|